000 00551nam a22001577a 4500
999 _c533273
_d533273
020 _qHard Cover.
082 _a621.3
100 _aMehmood, Qanaita
245 _aCapacity Optimization of Full Duplex Architectures in D2D Systems underlaying Cellular Networks /
_cQanaita Mehmood.
260 _aIslamabad:
_bSEECS - NUST,
_c2018.
300 _a53 p. :
_bill. ;
_c30cm.
_e+CD.
942 _2ddc
_cTHE
650 _aElectrical Engineering MS-Thesis.
_916073
700 _aDr. Syed Ali Hassan
_919591